Statistiques concernant Géographie canadienne sur la carte

Cliquez ici pour prendre le quiz!

Statistiques générales

  • Ce quiz a été pris 2 569 fois
  • Le résultat moyen est 12 sur 30

Réponses sur la Carte

Les réponses sont colorées sur une échelle allant du rouge au vert en fonction du pourcentage des utilisateurs qui les ont devinées à leur premier essai. Vous pouvez retrouver ces pourcentages ci-dessous.
Chargement ...
 

Statistiques - réponses

Caractéristique géographique% Correct
Montréal
86%
Toronto
79%
Alberta
72%
Yukon
68%
Baie d'Hudson
67%
Fleuve Saint-Laurent
67%
Manitoba
63%
Île de Vancouver
62%
Terre-Neuve
62%
Lac Supérieur
60%
Île-du-Prince-Édouard
52%
Nouveau-Brunswick
51%
Lac Huron
46%
Halifax
45%
Île Victoria
36%
Yellowknife
35%
Île de Baffin
34%
Lac Winnipeg
34%
Saskatoon
33%
Banff
30%
Rivière des Outaouais
19%
Baie de Fundy
18%
Jasper
16%
Île du Cap-Breton
15%
Grand lac de l'Ours
13%
Grand lac des Esclaves
11%
Fleuve Fraser
9%
Yoho
4%
Nahanni
3%
Gwaii Haanas
2%

Distribution des résultats

Percentile par nombre de réponses

% des personnes avec chaque résultat

Votre développement - résultats

Vous n’avez pas pris ce quiz